header

The rude hand of innovation (Record no. 3753)

MARC details
000 -LEADER
fixed length control field 01666nam a2200385Ia 4500
100 1# - MAIN ENTRY--AUTHOR NAME
Personal name Hackett, David G.
245 14 - TITLE STATEMENT
Title The rude hand of innovation
260 ## - PUBLICATION, DISTRIBUTION, ETC. (IMPRINT)
Place of publication New York :
Name of publisher Oxford University Press,
Year of publication 1991.
300 ## - PHYSICAL DESCRIPTION
Number of Pages xv, 240 p. :
Other physical details ill., maps.
490 1# - SERIES STATEMENT
Series statement Religion in America series
500 ## - GENERAL NOTE
General note "The Frank S. and Elizabeth D. Brewer Prize essay of the American Society of Church History."
650 #0 - SUBJECT ADDED ENTRY--TOPICAL TERM
Topical Term Social change.
856 40 - ELECTRONIC LOCATION AND ACCESS
Uniform Resource Identifier http://site.ebrary.com/lib/rucke/Doc?id=10279175

No items available.

© 2026 Rongo University
Contact us: librarian | system librarian | Rongo university